| 000 | 01241nam a2200217Ia 4500 | ||
|---|---|---|---|
| 003 | OSt | ||
| 005 | 20251211163502.0 | ||
| 008 | 210707s1982 xx 000 0 und d | ||
| 040 | _cAL | ||
| 041 | _aKannada | ||
| 082 | _aK894.1 AMBO | ||
| 100 |
_aAMBIKATANAYA DATTA _dಅಂಬಿಕಾತನಯದತ್ತ _9248910 |
||
| 245 |
_aOlave namma baduku. _b ಒಲವೇ ನಮ್ಮ ಬದುಕು. |
||
| 260 |
_aBengaluru _bVishva Kannada Sammelana _c1982 |
||
| 300 | _axvi,294 p | ||
| 365 |
_b2 _cINR |
||
| 520 | _a"ಒಲವೆ ನಮ್ಮ ಬದುಕು" ಎಂಬುದು ಕವಿ ದ.ರಾ. ಬೇಂದ್ರೆ ಅವರ ಪ್ರಸಿದ್ಧ ಕವನ ಸಂಕಲನವಾಗಿದ್ದು, ಇದು ಪ್ರೀತಿಯ ತತ್ವಶಾಸ್ತ್ರವನ್ನು ವಿವರಿಸುತ್ತದೆ. ಇದು ಕೇವಲ ಒಂದು ಕವಿತೆಯಲ್ಲ, ಬದಲಿಗೆ ಪ್ರೀತಿ ಮತ್ತು ಸಂಬಂಧಗಳ ಸಿದ್ಧಾಂತವನ್ನು ವಿವಿಧ ದೃಷ್ಟಿಕೋನಗಳ ಮೂಲಕ ವಿವರಿಸುವ ಒಂದು ಮಹತ್ವದ ಕೃತಿಯಾಗಿದೆ | ||
| 563 | _aPB | ||
| 650 |
_aKannada Poetry _9248911 |
||
| 942 |
_2ddc _cBK |
||
| 999 |
_c180120 _d180120 |
||